MDQL
is popping MORE tags! Check the
thread
!
Quizzes
Events
Quiz Creation
Community
Videos
Private Events
Remove Ads
Sign In
Join for FREE
Feedback
Dark Mode
Quiz Categories
Sports
Geography
Music
Movies
Television
Just For Fun
Miscellaneous
History
Literature
Language
Science
Gaming
Entertainment
Religion
Holiday
For Kids
Quiz Lab
Recent
Popular Today
Quiz Kudos Today
Editor Picks
Curator Picks
Quizzes by...
Day
Popularity
Type
Ratings
Length
Year
Community
Subscriptions
Recent Discussions
Orange Saloon
Badges
Playlists
Quests
Create
Leaderboards
Showdown
Live 5
Trivia Bingo
Activity
Puzzle Library
Sporcle Events
Private Events
Virtual Trivia
Globe League
Become a Host
Pub Owners
SporcleCon
Opinionation
Our Games
Videos
Blog
Mobile Apps
Partnerships
Remove Ads and Go Orange
Feedback
Music
Pop Music
The Beatles
Song
Album
Lyrics
Bands
Singers
Artist
Clip
Rock
Rap
Classical
Billboard
Country Music
Kpop
Taylor Swift
Music
Pop Music
The Beatles
Song
Album
Lyrics
Bands
Singers
Artist
Clip
Rock
Rap
Classical
Billboard
Country Music
Kpop
Taylor Swift
Random Quiz
Search Sporcle
×
Quiz Lab
Quiz Lab
Music
Composer
Type in answers that appear in a list
Type in answers that appear in a list
Classic
Best Score? Go Orange.
Female Composers Stats
Can you name the women who composed these pieces?
By
object_holder
10m
24 Questions
103 Plays
103 Plays
103 Plays
Comments
Comments
Give Quiz Kudos
Give Quiz Kudos
-
- Ratings
hide this ad
Forced Order
Answers have to be entered in order
Answers have to be entered in order
Replay
Link that replays current quiz
Next Quiz
Link to next quiz in quiz playlist
You Got
0%
They Got
Avg Score
46%
Avg Friend Score
Upgrade to see
Score Distribution
Jump to the score distribution portion of the page
Score
0/24
Timer
10:00
0
Plays Today
Piece
Composer
% Correct
Ordo Virtutum (1151)
Hildegard of Bingen
96.1%
Three Romances for Violin and Piano (1855)
Clara Schumann
86.4%
Das Jahr: 12 Characterstücke (1841)
Fanny Mendelssohn
78.6%
First Book of Madrigals (1644)
Barbara Strozzi
73.8%
Faust et Hélène (1913)
Lili Boulanger
66%
Cabildo (1932)
Amy Beach
56.3%
String Quartet (1931)
Ruth Crawford
52.4%
Switched-
On Bach (1968)
Wendy Carlos
51.5%
Fanfare for the Uncommon Woman (1986)
Joan Tower
50.5%
Tang Poems (1995)
Chen Yi
47.6%
Akrostichon-
Wortspiel (1993)
Unsuk Chin
41.7%
Morpheus (1918)
Rebecca Clarke
39.8%
Piece
Composer
% Correct
Lost Highway (2003)
Olga Neuwirth
39.8%
Appalachian Grove (1974)
Laurie Spiegel
37.9%
Dissonant Counterpoint (1934)
Johanna Beyer
36.9%
Book of Days (1985)
Meredith Monk
35.9%
Arsenal of Democracy (1995)
Julia Wolfe
35.9%
Sound Patterns (1961)
Pauline Oliveros
34%
Flying Sparks and Heavy Machinery (2000)
Annie Gosfield
31.1%
Indígena (1991)
Tania León
30.1%
Verblendungen (1984)
Kaija Saariaho
29.1%
A Wrinkle in Time (1992)
Libby Larsen
25.2%
Offertorium (1980)
Sofia Gubaidulina
24.3%
Composition No. 1: Dona Nobis Pacem (1971)
Galina Ustvolskaya
18.4%
Quiz Playlist
Details
Report
Send in Message
Add To Playlist
Classic:
Type in answers that appear in a list
Forced Order:
Answers have to be entered in order
Last Updated: Feb 16, 2017
Quiz Scoreboard
CHALLENGE
Sign Up to Join the Scoreboard
Show All
Scores
Hide
Comments
May contain spoilers
Recently Published
Image Sorting: Flags VI
by Barbecue
Geography
2m
Find the 'City' Movie
by crazypaving
Movies
60s
Colored Red Africa Blitz
by spor1
Geography
45s
More to Explore
Quiz From the Vault
Featured Blog Post
14 Easter Pick-up Lines to Find Eggs With
hide this ad
You Might Also Like...
Tags
Composed
Composer
female
piece
Women
Today's Top Quizzes in Music
Browse Music
hide this ad
Today's Top Quizzes in Composer
Browse Composer
Top Contributed Quizzes in Music
1
5X2 Blitz: Bands II
2
5X2 Blitz: The Beatles
3
Taylor Swift All Songs (2024)
4
5X2 Blitz: Billboard
5
5X2 Blitz: Billboard II
6
5X2 Blitz: Album
7
5X2 Blitz: Rock
8
5X2 Blitz: Singers
9
Taylor Swift Logic Puzzle II
10
5X2 Blitz: Lyrics
Explore More
Trending Topics
Disney
Marvel
Anime
NBA
Harry Potter
Crossword
Kpop
NFL
The Office
Country
Song
WWE
Pokémon
Soccer
Puzzle
hide this ad
More By:
object_holder
Quiz
Plays
Rating
Category
Featured
Created
Missing Word: Anagrams
4,435
4.33
Just For Fun
Aug 25, 2010
Blitz: World Metros Over 4 Million, A-Z
716
4.05
Geography
Oct 21, 2010
Scrabble Best Capitals
460
4.38
Geography
Oct 30, 2010
100 More Directors
358
4.80
Movies
Apr 28, 2011
Twin Peaks Episodes
307
3.25
Television
Feb 19, 2011
Go to Creator's Profile
Score Distribution
Quiz Creator Spotlight
object_holder
Follow
Send a Message
Quizzes Created
-
Created Quiz Play Count
-
More By This Creator
Popular Quizzes Today
1
Colored Red Africa Blitz
2
Find the US States - No Outlines Minefield
3
Find the 'City' Movie
4
5x2 Blitz: Bands
5
The Countries of the World
6
Find the US States
7
Find the Countries of Europe - No Outlines Minefield
8
US States
More Music Quizzes
Fifteen Minutes of Fame (Music)
Quiz Lab
Trending Quizzes
Colored Red Europe Blitz I
Colored Red Europe Blitz II
Colored Red Africa Blitz II
Colored Red Europe Blitz III
Colored Red Africa Blitz III
Recently Updated
How Do You Spell That?
pecheneg
Godzilla Movies
pecheneg
Grab Bag: 4-10 Letters
pecheneg
2024 March Madness Bracket
pecheneg
Famous TV Couples
Peacemaker
Champions League XIs: Real Madrid
pecheneg
Largest US Cities 1790-2010
pecheneg
Rides in Walt Disney World
pecheneg
Most Oscar Losses (Acting)
pecheneg
Beyoncé Albums
pecheneg
Trending Topics
Anime
Disney
NBA
Marvel
Crossword
Harry Potter
Kpop
The Office
Country
NFL
Pokémon
WWE
Song
Soccer
Puzzle
Your Account Isn't Verified!
In order to create a playlist on Sporcle, you need to verify the email address you used during registration. Go to your
Sporcle Settings
to finish the process.
Report this User
Report this user for behavior that violates our
Community Guidelines
.
Details:
Send Report
Go to the Sporcle.com Mobile Site →
Comments